| 000 | 02103nam a22004095i 4500 | ||
|---|---|---|---|
| 001 | 60036 | ||
| 005 | 20200226102404.0 | ||
| 007 | cr nn 008mamaa | ||
| 008 | 170202s2017 gw | s |||| 0|eng d | ||
| 020 |
_a9783319406282 _9978-3-319-40628-2 |
||
| 024 | 7 |
_a10.1007/978-3-319-40628-2 _2doi |
|
| 035 | _a(DE-He213)978-3-319-40628-2 | ||
| 050 | 4 | _aRC346-429.2 | |
| 072 | 7 |
_aMJN _2bicssc |
|
| 072 | 7 |
_aMED056000 _2bisacsh |
|
| 082 | 0 | 4 |
_a616.8 _223 |
| 245 | 1 | 0 |
_aHandbook of Relapsing-Remitting Multiple Sclerosis _h[electronic resource] / _cedited by Aaron Miller. |
| 264 | 1 |
_aCham : _bSpringer International Publishing : _bImprint: Adis, _c2017. |
|
| 300 |
_aXII, 134 p. 7 illus. in color. _bonline resource. |
||
| 336 |
_atext _btxt _2rdacontent |
||
| 337 |
_acomputer _bc _2rdamedia |
||
| 338 |
_aonline resource _bcr _2rdacarrier |
||
| 347 |
_atext file _bPDF _2rda |
||
| 505 | 0 | _aIntroduction -- Pathogenesis and clinical presentation -- Assessment and diagnosis of relapse-remitting multiple sclerosis -- Treatment strategies -- Emerging and future treatment strategies -- Long-term management and rehabilitation. | |
| 520 | _aThis pocketbook is an evidence-based educational resource that provides a concise overview of diagnosis, treatment and long-term management of relapsing-remitting multiple sclerosis. An ideal clinical handbook for a wide range of medical professionals, this handbook includes international guidelines, clinically relevant clinical trial data, and an introduction to emerging therapies. Handbook of Relapsing-Remitting Multiple Sclerosis is a comprehensive overview of recent advances in this indication, enhanced by high quality figures and clinical images. | ||
| 650 | 0 | _aMedicine. | |
| 650 | 0 | _aNeurology. | |
| 650 | 1 | 4 | _aMedicine & Public Health. |
| 650 | 2 | 4 | _aNeurology. |
| 700 | 1 |
_aMiller, Aaron. _eeditor. |
|
| 710 | 2 | _aSpringerLink (Online service) | |
| 773 | 0 | _tSpringer eBooks | |
| 776 | 0 | 8 |
_iPrinted edition: _z9783319406268 |
| 856 | 4 | 0 | _uhttp://dx.doi.org/10.1007/978-3-319-40628-2 |
| 912 | _aZDB-2-SME | ||
| 999 |
_c3226 _d3226 |
||